<?xml version="1.0" encoding="UTF-8"?>
<record
    xmlns:xsi="http://www.w3.org/2001/XMLSchema-instance"
    xsi:schemaLocation="http://www.loc.gov/MARC21/slim http://www.loc.gov/standards/marcxml/schema/MARC21slim.xsd"
    xmlns="http://www.loc.gov/MARC21/slim">

  <leader>00485nam a22001937a 4500</leader>
  <controlfield tag="003">OSt</controlfield>
  <controlfield tag="005">20211012112746.0</controlfield>
  <controlfield tag="008">211012b        |||||||| |||| 00| 0 eng d</controlfield>
  <datafield tag="020" ind1=" " ind2=" ">
    <subfield code="a">0824761413/0824714652</subfield>
  </datafield>
  <datafield tag="040" ind1=" " ind2=" ">
    <subfield code="c">HAWASSA UNIVERSITY</subfield>
  </datafield>
  <datafield tag="050" ind1=" " ind2=" ">
    <subfield code="a">631.4/SOI</subfield>
    <subfield code="b">4</subfield>
  </datafield>
  <datafield tag="082" ind1=" " ind2=" ">
    <subfield code="a">631.4/SOI</subfield>
    <subfield code="b">4</subfield>
    <subfield code="2">VOLUME3/4/5</subfield>
  </datafield>
  <datafield tag="100" ind1=" " ind2=" ">
    <subfield code="a">PAUL.E.A.</subfield>
    <subfield code="9">12762</subfield>
  </datafield>
  <datafield tag="245" ind1=" " ind2=" ">
    <subfield code="a">SOIL BIOCHEMISTRY</subfield>
  </datafield>
  <datafield tag="260" ind1=" " ind2=" ">
    <subfield code="a">NEW YORK</subfield>
    <subfield code="b">AMERICA</subfield>
    <subfield code="c">1975</subfield>
  </datafield>
  <datafield tag="300" ind1=" " ind2=" ">
    <subfield code="a">xiii/277/509</subfield>
  </datafield>
  <datafield tag="501" ind1=" " ind2=" ">
    <subfield code="a">index</subfield>
  </datafield>
  <datafield tag="942" ind1=" " ind2=" ">
    <subfield code="2">ddc</subfield>
    <subfield code="c">BOOKS</subfield>
    <subfield code="n">0</subfield>
  </datafield>
  <datafield tag="999" ind1=" " ind2=" ">
    <subfield code="c">11838</subfield>
    <subfield code="d">11838</subfield>
  </datafield>
  <datafield tag="952" ind1=" " ind2=" ">
    <subfield code="0">0</subfield>
    <subfield code="1">0</subfield>
    <subfield code="2">ddc</subfield>
    <subfield code="4">0</subfield>
    <subfield code="7">0</subfield>
    <subfield code="a">002</subfield>
    <subfield code="b">002</subfield>
    <subfield code="d">2021-10-12</subfield>
    <subfield code="l">0</subfield>
    <subfield code="o">631.4/SOI</subfield>
    <subfield code="p">ALIB0000520</subfield>
    <subfield code="r">2021-10-12 00:00:00</subfield>
    <subfield code="t">1</subfield>
    <subfield code="w">2021-10-12</subfield>
    <subfield code="y">BOOKS</subfield>
  </datafield>
  <datafield tag="952" ind1=" " ind2=" ">
    <subfield code="0">0</subfield>
    <subfield code="1">0</subfield>
    <subfield code="2">ddc</subfield>
    <subfield code="4">0</subfield>
    <subfield code="7">0</subfield>
    <subfield code="a">002</subfield>
    <subfield code="b">002</subfield>
    <subfield code="d">2021-10-12</subfield>
    <subfield code="l">0</subfield>
    <subfield code="o">631.4/SOI</subfield>
    <subfield code="p">ALIB0000521</subfield>
    <subfield code="r">2021-10-12 00:00:00</subfield>
    <subfield code="t">2</subfield>
    <subfield code="w">2021-10-12</subfield>
    <subfield code="y">BOOKS</subfield>
  </datafield>
  <datafield tag="952" ind1=" " ind2=" ">
    <subfield code="0">0</subfield>
    <subfield code="1">0</subfield>
    <subfield code="2">ddc</subfield>
    <subfield code="4">0</subfield>
    <subfield code="7">0</subfield>
    <subfield code="a">002</subfield>
    <subfield code="b">002</subfield>
    <subfield code="d">2021-10-12</subfield>
    <subfield code="l">0</subfield>
    <subfield code="o">631.4/SOI</subfield>
    <subfield code="p">ALIB0000522</subfield>
    <subfield code="r">2021-10-12 00:00:00</subfield>
    <subfield code="t">3</subfield>
    <subfield code="w">2021-10-12</subfield>
    <subfield code="y">BOOKS</subfield>
  </datafield>
  <datafield tag="952" ind1=" " ind2=" ">
    <subfield code="0">0</subfield>
    <subfield code="1">0</subfield>
    <subfield code="2">ddc</subfield>
    <subfield code="4">0</subfield>
    <subfield code="7">0</subfield>
    <subfield code="a">002</subfield>
    <subfield code="b">002</subfield>
    <subfield code="d">2021-10-12</subfield>
    <subfield code="l">0</subfield>
    <subfield code="o">631.4/SOI</subfield>
    <subfield code="p">ALIB0000523</subfield>
    <subfield code="r">2021-10-12 00:00:00</subfield>
    <subfield code="t">4</subfield>
    <subfield code="w">2021-10-12</subfield>
    <subfield code="y">BOOKS</subfield>
  </datafield>
  <datafield tag="952" ind1=" " ind2=" ">
    <subfield code="0">0</subfield>
    <subfield code="1">0</subfield>
    <subfield code="2">ddc</subfield>
    <subfield code="4">0</subfield>
    <subfield code="7">0</subfield>
    <subfield code="a">002</subfield>
    <subfield code="b">002</subfield>
    <subfield code="d">2021-10-12</subfield>
    <subfield code="l">0</subfield>
    <subfield code="o">631.4/SOI</subfield>
    <subfield code="p">ALIB0000524</subfield>
    <subfield code="r">2021-10-12 00:00:00</subfield>
    <subfield code="t">5</subfield>
    <subfield code="w">2021-10-12</subfield>
    <subfield code="y">BOOKS</subfield>
  </datafield>
</record>
